000 04359nab a2200349 i 4500
003 BR-BrBNA
005 20240507102758.0
008 240507b2021 bl.ar|pooa||| 00| 0 eng |
040 _aBR-BrBNA
_beng
072 _aL72
_b1930
072 _aL70
100 _aPires, Claudina Rita de Souza
100 _aCavalcante, Gustavo Góes
100 _aPrado, Robert Sanchez
100 _aCosta Júnior, Lívio Martins
100 _aRivero, Gabriela Riet Correa
245 _aSurvival of Haemonchus contortus larvae in forage species in the Eastern Amazon
500 _aPublicação on-line; 30 ref.; 3 tables; Summaries (En, Pt)
520 _a Abstract – The objective of this work was to evaluate the survival of thirdstage larvae (L3) of Haemonchus contortus in forage species in the Eastern Amazon. Four paddocks composed of Megathyrsus maximus 'Massai', M. maximus 'Mombaça', Urochloa brizantha 'Marandu', and Urochloa humidicola were used and divided into 13 plots each. Sheep feces containing about 10,000 eggs of H. contortus were deposited in each plot. Grass, feces, and soil samples were collected on the seventh, fifteenth, and thirtieth day post-contamination (DPC), and, then, they were sequentially collected every 30 days until the threehundredth and thirtieth DPC. The following data were determined for the grass species: microclimatic, such as temperature, relative humidity, soil moisture, and grass luminosity, as well as macroclimatic data for rainfall, temperature, relative humidity, and solar radiation. L3 were recovered on all grasses and soil samples, in all plots, from the seventh to the three-hundredth and thirtieth DPC. The microclimatic parameters show correlations between the L3 recovery on grass and in the soil, and the macroclimatic parameters, between the L3 recovery in feces and on grass. Urochloa humidicola and M. maximus 'Massai' favor the development and survival of L3 of H. contortus, while U. brizantha 'Marandu' and M. maximus 'Mombaça' show a lower bioavailability of these larvae. Index terms: Brachiaria, Megathyrsus maximus, Panicum, Urochloa brizantha, Urochloa humidicola, haemonchosis.
520 _a Resumo – O objetivo deste trabalho foi avaliar o desenvolvimento e a sobrevivência de larvas de terceiro estágio (L3) de Haemonchus contortus em forrageiras na Amazônia Oriental. Foram utilizados quatro canteiros compostos por Megathyrsus maximus 'Massai', M. maximus 'Mombaça', Urochloa brizantha 'Marandu' e Urochloa humidicola, os quais foram divididos em 13 parcelas cada um. Fezes de ovinos com cerca de 10.000 ovos de H. contortus foram depositadas em cada parcela. Amostras de capim, fezes e solo foram coletadas no no sétimo, no décimo quinto e no trigésimo dia póscontaminação (DPC) e, sequencialmente, a cada 30 dias até o trecentésimo trigésimo DPC. Foram determinados os seguintes dados das gramíneas: microclimáticos, como temperatura, umidade relativa do ar, umidade do solo e luminosidade do capim, e macroclimáticos, como pluviosidade, temperatura, umidade relativa do ar e radiação solar. As larvas do terceiro estágio foram recuperadas em todas as amostras de gramíneas e solo, em todas as parcelas, do sétimo ao trecentésimo trigésimo DPC. Os parâmetros microclimáticos mostram correlações entre a recuperação de L3 na grama e no solo, e os parâmetros macroclimáticos, entre a recuperação de L3 nas fezes e na grama. Urochloa humidicola e M. maximus 'Massai' favorecem o desenvolvimento e a sobrevivência de L3 de H. contortus, enquanto U. brizantha 'Marandu' e M. maximus 'Mombaça' apresentam menor biodisponibilidade dessas larvas. Termos para indexação: Brachiaria, Megathyrsus maximus, Urochloa brizantha, Panicum, Urochloa humidicola, hemoncose.
650 _aBRACHIARIA
650 _aPLANTA FORRAGEIRA
650 _aCONDIÇÃO AMBIENTAL
650 _aLARVA
650 _aHEMONCOSE
650 _aDEFESA ANIMAL
650 _aAMAZÔNIA
773 0 _0920
_925801
_dBrasília-DF Empresa Brasileira de Pesquisa Agropecuária - EMBRAPA 1966-
_o2023-436357
_tPesquisa Agropecuária Brasileira (Brazil)
_x0100-204X
_gv. 56 p. 1-9; (2021)
_wBR202400032
856 _uhttps://www.scielo.br/j/pab/a/wkPxwbQZ8Wzh4DM6f8HqRcS/?format=pdf&lang=en
942 _cAnalítica
999 _c299466
_d299466